Jスターズ ビクトリーVS 参戦キャラクター - Statistics

General Stats
  • This quiz has been taken 13 times
    12 since last reset
  • The average score is 24 of 52
Answer Stats
キャラクター名 % Correct
孫悟空
100%
ベジータ
100%
フリーザ
100%
うずまきナルト
100%
うちはサスケ
100%
モンキー・D・ルフィ
100%
両津勘吉
86%
坂田銀時
86%
浦飯幽助
86%
ゴン=フリークス
86%
黒崎一護
71%
緋村剣心
71%
ケンシロウ
71%
ボア・ハンコック
57%
トリコ
57%
キルア=ゾルディック
57%
沢田綱吉&リボーン
57%
鵺野鳴介
57%
則巻アラレ
57%
ボボボーボ・ボーボボ
57%
赤犬
43%
うちはマダラ
43%
飛影
43%
ジョセフ・ジョースター
43%
星矢
43%
ラオウ
43%
ラッキーマン
43%
剣桃太郎
43%
神楽&定春
43%
スケット団
43%
江田島平八
43%
ポートガス・D・エース
43%
ゼブラ
29%
戸愚呂(弟)
29%
殺せんせー
29%
朽木ルキア
29%
ヒソカ
29%
アレン・ウォーカー
29%
藍染惣右介
14%
志々雄真実
14%
山田太郎
14%
黒神めだか
14%
男鹿辰巳&ベル坊
14%
ジョナサン・ジョースター
14%
斉木楠雄
14%
ジャガージュン市
14%
球磨川禊
14%
ララ・サタリン・デビルーク
14%
桐崎千棘
14%
脳噛ネウロ
14%
黒子テツヤ
14%
日向翔陽
14%
No matching quizzes found
Score Distribution
Percent of People with Each Score
Percentile by Number Answered
Your Score History
You have not taken this quiz since the last reset